|
|
|
|
| LEADER |
00000nam0a2200000 4500 |
| 001 |
322777 |
| 005 |
20231102003515.0 |
| 035 |
|
|
|a (RuTPU)RU\TPU\book\348335
|
| 090 |
|
|
|a 322777
|
| 100 |
|
|
|a 20161004d1957 m y0rusy50 ca
|
| 101 |
0 |
|
|a rus
|
| 102 |
|
|
|a RU
|
| 105 |
|
|
|a a z 001ay
|
| 200 |
1 |
|
|a Ветка ивы: рассказы о Китае
|f В. А. Истрин
|
| 210 |
|
|
|a Москва
|c Молодая гвардия
|d 1957
|
| 215 |
|
|
|a 366 с.
|c ил.
|
| 320 |
|
|
|a Вступительная статья: с. 3-6
|
| 320 |
|
|
|a Словарь-справочник китайских слов, имен и исторических фактов: с. 339-366
|
| 606 |
1 |
|
|a Русская литература современная
|2 stltpush
|3 (RuTPU)RU\TPU\subj\26373
|9 50316
|
| 610 |
1 |
|
|a художественная литература
|
| 610 |
1 |
|
|a советская литература
|
| 610 |
1 |
|
|a рассказы
|
| 610 |
1 |
|
|a Китай
|
| 610 |
1 |
|
|a китайцы
|
| 610 |
1 |
|
|a традиции
|
| 610 |
1 |
|
|a история
|
| 675 |
|
|
|a Р2
|v 4
|
| 700 |
|
1 |
|a Истрин
|b В. А.
|c российский книговед
|c профессор Московского полиграфического института
|f 1906-1967
|g Виктор Александрович
|2 stltpush
|3 (RuTPU)RU\TPU\pers\24845
|4 070
|9 11049
|
| 801 |
|
1 |
|a RU
|b 63413507
|c 20161004
|
| 801 |
|
2 |
|a RU
|b 63413507
|c 20210113
|g RCR
|
| 942 |
|
|
|c BK
|